Nuestro padre, Dios en su misterio
Збережено в:
| Автор: | |
|---|---|
| Формат: | Книга |
| Мова: | Іспанська |
| Опубліковано: |
Salamanca
Ediciones Sigueme
1992
|
| Редагування: | 2a. ed |
| Серія: | Verdad e imagen 110
|
| Предмети: | |
| Теги: |
Додати тег
Немає тегів, Будьте першим, хто поставить тег для цього запису!
|
MARC
| LEADER | 00000cam a2200000 a 4500 | ||
|---|---|---|---|
| 001 | UCE7225 | ||
| 003 | CL-VaPUC | ||
| 008 | 150529e19920000sp |||||||||||||||||spa|d | ||
| 020 | |a 8430111018 | ||
| 082 | 0 | 4 | |a 232 |b DUR |2 21 |
| 100 | |a Durrwell, Francois-Xavier |e author |9 579909 | ||
| 245 | 1 | 0 | |a Nuestro padre, Dios en su misterio |
| 250 | |a 2a. ed | ||
| 300 | |a 248 p | ||
| 942 | |c BK | ||
| 945 | |d 20150529 15:00:00 |a gsalatino | ||
| 260 | |a Salamanca |b Ediciones Sigueme |c 1992 | ||
| 600 | 0 | |a Dios |9 314467 | |
| 650 | 0 | |a Iglesia |9 255004 | |
| 650 | 0 | |a Religión |9 255164 | |
| 583 | |a last modification |c 20150529 15:00:00 |k Rodrigo Vera | ||
| 490 | 0 | |a Verdad e imagen 110 | |
| 999 | |c 359326 |d 359324 | ||
| 952 | |0 0 |1 0 |3 erb |4 0 |6 232_000000000000000_DUR_1992 |7 0 |8 A |9 468485 |a BIBTEO |b BIBTEO |e Casale Rolle, Carlos Ignacio, -2014 |i 5182506 |o 232 DUR 1992 |p 5182506 |r 2025-01-17 |w 2019-11-23 |y BK |z Catalogado en:20150529 |k ICR | ||